The Latinist : a novel /

In this wickedly sharp, propulsive debut, a classicist must outmaneuver her manipulative mentor. Tessa Templeton has thrived at Oxford University, under the tutelage and praise of esteemed classics professor Christopher Eccles. Yet shortly before her thesis defense, Tessa learns that Chris has sabot...

Full description

Bibliographic Details
Main Author: Prins, Mark (Author)
Format: Book
Language:English
Published: New York : W. W. Norton & Company, [2022].
Edition:First edition.
Subjects:

MARC

Tag First Indicator Second Indicator Subfields
LEADER 00000cam a2200000 i 4500
001 in00004561021
003 OCoLC
005 20220405162405.6
008 210802t20222022nyu b 000 1 eng
010 |a  2021037031 
040 |a DLC  |e rda  |c DLC 
020 |a 9780393541274  |q hardcover 
020 |a 0393541274  |q hardcover 
020 |z 9780393541281  |q electronic book 
035 |a (OCoLC)1252845896 
050 0 0 |a PS3616.R554  |b L38 2022 
082 0 0 |a 813/.6  |2 23 
100 1 |a Prins, Mark,  |e author. 
245 1 4 |a The Latinist :  |b a novel /  |c Mark Prins. 
250 |a First edition. 
264 1 |a New York :  |b W. W. Norton & Company,  |c [2022]. 
264 4 |c ©2022. 
300 |a 341 pages ;  |c 22 cm. 
336 |a text  |b txt  |2 rdacontent 
337 |a unmediated  |b n  |2 rdamedia 
338 |a volume  |b nc  |2 rdacarrier 
504 |a Includes bibliographical references. 
520 |a In this wickedly sharp, propulsive debut, a classicist must outmaneuver her manipulative mentor. Tessa Templeton has thrived at Oxford University, under the tutelage and praise of esteemed classics professor Christopher Eccles. Yet shortly before her thesis defense, Tessa learns that Chris has sabotaged her career and realizes their relationship is not at all what she believed. Driven by what he mistakes as love for Tessa, Chris has ensured that no other institution will offer her a position, keeping her at Oxford with him. His tactics grow more invasive as he determines to prove he has her best interests at heart. Meanwhile, Tessa scrambles to undo the damage, and makes a startling discovery about an obscure second century Latin poet that could launch her into academic stardom, finally freeing her from his influence. A contemporary reimagining of the Daphne and Apollo myth, The Latinist is a page-turning exploration of power, ambition and the intertwining of love and obsession. 
650 0 |a Women doctoral students  |v Fiction. 
650 0 |a College teachers  |v Fiction. 
650 0 |a Teacher-student relationships  |v Fiction. 
650 7 |a FICTION / Thrillers / Psychological.  |2 bisacsh 
650 7 |a FICTION / Fairy Tales, Folk Tales, Legends & Mythology.  |2 bisacsh 
945 |b 237810 
947 |a A14851672668 
948 |a dmitchel 4/5/22 11.20.10 
980 |b print  |c 40030963412  |f LIT/B  |g 565714  |k USD  |m 21.83  |q 1  |s AcqMono Conventional  |t Approval plan  |u Vendor order reference number  |v ZYBP  |y Print approval  |z Physical resource 
999 f f |i 6982b652-53a7-4fd0-a255-e607f27a3493  |s 05fa75d4-0a5c-41aa-9109-3aa00b648467  |t 0 
952 f f |p normal  |a Texas A&M University  |b College Station  |c Sterling C. Evans Library  |s Evans stk  |d Evans: Library Stacks  |t 0  |e PS3616.R554 L38 2022  |h Library of Congress classification  |i unmediated -- volume  |m A14851672668